000 00778nam a2200193 a 4500
001 000047610
005 20201002060632.0
008 180705s2017 dr 000 o spa d
040 _aDO-SdBNP
_bspa
_cBNPHU
082 _a923.27293
_bH429s
100 1 _aSilva, Benjamín
_975242
245 1 0 _aMi San Pedro :
_blabor como síndico municipal de Don José A. Azim Azar, compendio de actas de Sala Capitular 1950-1951 /
_cBenjamín Silva.
260 _aSanto Domingo, República Dominicana :
_bGrupo Creativo,
_c2017.
300 _a593 p. ;
_c20 cm.
590 _aInventariado, 2018/VM
600 1 4 _aHAZIM AZAR, DON JOSÉ A.
_d1913-1999
_vBiografías
_975243
651 4 _aSan Pedro De Macoríx (República Dominicana{Rpara}
_xHistoria Local
_975244
700 1 _aSilva, Benjamín
_975242
999 _c47098
_d47098